000 03556nam a22003137i 4500
001 TCPA 48
003 gtcocun
005 20250911151903.0
006 a||||gr|||| 00| 0
008 250911b2017 gt ||||| m||| 00| 0 eng d
040 _agtcocun
_bSPA
_cgtcocun
_eRDA
041 _aSPA
084 _0TCPA 48
100 _aMilián Burmester, Diego Alejandro
_eAutor
245 _aInforme final del Ejercicio Profesional Supervisado, realizado en la empresa Restaurante Ranchón El Trapiche, Cobán, Alta Verapaz/
_cDiego Alejandro Milián Burmester
_hImpreso
264 _aCobán, Alta Verapaz:
_bUniversidad de San Carlos de Guatemala, Centro Universitario del Norte, Licenciatura en Contaduría Pública y Auditoría.
_c2017
300 _a97 p.:
_bIlustraciones, gráficas.
_c28 cm; PDF
336 _2rdacontenido
_aTexto
_btxt
337 _2rdamedio
_aComputadora
_bn
338 _2rdasoporte
_aCódigo en línea
_bcr
502 _e.
502 _aTesis de grado
_b Licenciatura en Contaduría Pública y Auditoría.
_cUniversidad de San Carlos de Guatemala, Centro Universitario del Norte, Licenciatura en Contaduría Pública y Auditoría.
_d2017
_oTCPA 48
520 1 4 _aLa Universidad de San Carlos de Guatemala a través del Centro Universitario del Norte (CUNOR) y la carrera de Contaduría Pública y Auditoria presentan el Ejercicio Profesional Supervisado (EPS); proceso que se realizó en el Restaurante Ranchón el Trapiche, empresa comercial de la región cuya actividad principal es la compra y venta de alimentos y bebidas en la ciudad de Cobán, Alta Verapaz. Primero se realizó un diagnóstico, en el cual se buscó encontrar todas aquellas debilidades que tenía la unidad de práctica, se plasmaron en forma de hallazgos y se jerarquizaron de conformidad a su importancia. En la segunda etapa se elaboró un plan de trabajo en el que se determinó que actividades se debían hacer para solucionar o disminuir las deficiencias encontradas, se estableció la temporalidad para realizarlas, y los objetivos que se pretendían alcanzar en cada una. Por último se comenzó la fase de ejecución, durante esta, se realizaron varias intervenciones entre las cuales está la reestructuración de los libros de compras y ventas, diario, mayor, y de estados financieros de la empresa de los períodos del 2012 al 2015, esto con el objeto de corregir los errores cometidos en su estructura y registro. También se elaboraron aquellos libros que no habían elaborado junto a los que habían extraviado. Debido a que se detectó que algunas declaraciones tenían saldos erróneos, se realizó la rectificación de los formularios del Impuesto al Valor Agregado (IVA), Impuesto Sobre la Renta (ISR) e Impuesto de Solidaridad (ISO) de la empresa. Se le entregaron al propietario para que este realice las acciones de pago correspondientes. También se elaboró un manual contable con un catálogo de cuentas adecuado, según la actividad económica de la empresa, con el que se garantizó que el contador puede presentar estados financieros libres de representación errónea, puesto que los registros de la cuentas se harán de una forma correcta.
650 1 4 _2LEMB
_aCobán, Alta Verapaz
_xlibros contables
_xrectificación
_xdeclaraciones
_xmanual contable
700 _aLic. Carlos Abraham Sierra Alvarado
_eAsesor
856 _uhttps://drive.google.com/file/d/1V4XBHR3TRKlsjdd-f9TfBCU1rRg94X8r/view?usp=sharing
_yPDF
_zUn ejemplar en línea.
942 _2ddc
_cTES
_iTCPA_48
_kClasificación
_n0
_6TCPA__48
999 _c1793
_d1793